I Giubilei nella Storia

I tiakina i:
Ngā taipitopito rārangi puna kōrero
Kaituhi matua: Gazzeta del Sud
Hōputu: Pukapuka
Reo:Undetermined
I whakaputaina: Viviani Editore
Ngā Tūtohu: Tāpirihia he Tūtohu
Kāore He Tūtohu, Me noho koe te mea tuatahi ki te tūtohu i tēnei pūkete!

MARC

LEADER 00000nam a2200000Ia 4500
001 R-8
003 CODICE-MESSINA
005 20260212102445.0
008 260211s9999 xx 000 0 und d
040 |c importazione_messina 
100 |a Gazzeta del Sud 
245 0 |a I Giubilei nella Storia 
260 |b Viviani Editore 
942 |2 ddc  |c BK 
952 |0 0  |1 0  |2 ddc  |4 0  |6 SCAFFALE_1_000000000000000__RELIGIONE  |7 0  |9 30819  |a ME  |b ME  |d 2026-02-11  |l 0  |o SCAFFALE 1 - RELIGIONE  |p R-8  |r 2026-02-11 23:52:09  |w 2026-02-11  |x [REVISIONARE]  |y BK 
999 |c 26486  |d 26486